Calculus of variation: (Record no. 8587)

MARC details
000 -LEADER
fixed length control field 00645nam a22002177a 4500
003 - CONTROL NUMBER IDENTIFIER
control field OSt
005 - DATE AND TIME OF LATEST TRANSACTION
control field 20240618100408.0
008 - FIXED-LENGTH DATA ELEMENTS--GENERAL INFORMATION
fixed length control field 240618b |||||||| |||| 00| 0 eng d
020 ## - INTERNATIONAL STANDARD BOOK NUMBER
International Standard Book Number 0521642035
040 ## - CATALOGING SOURCE
Transcribing agency must
082 ## - DEWEY DECIMAL CLASSIFICATION NUMBER
Classification number 515.64 JOS 1998
100 ## - MAIN ENTRY--PERSONAL NAME
Personal name Jost,Jurgen
9 (RLIN) 17411
245 ## - TITLE STATEMENT
Title Calculus of variation:
Remainder of title cambridge studies in advanced mathematics/
Statement of responsibility, etc. Jurgen Jost and Xianqing Li-Jost
260 ## - PUBLICATION, DISTRIBUTION, ETC. (IMPRINT)
Place of publication, distribution, etc. United kingdom:
Name of publisher, distributor, etc. Cambridge university;
Date of publication, distribution, etc. c1998.
300 ## - PHYSICAL DESCRIPTION
Extent xvi,323p.:
Other physical details ill;
Dimensions 23cm.
504 ## - BIBLIOGRAPHY, ETC. NOTE
Bibliography, etc Includes index
600 ## - SUBJECT ADDED ENTRY--PERSONAL NAME
Source of heading or term mathematics
650 ## - SUBJECT ADDED ENTRY--TOPICAL TERM
Topical term or geographic name as entry element Calculus
9 (RLIN) 764
700 ## - ADDED ENTRY--PERSONAL NAME
Personal name Li-Jost, Xianqing
9 (RLIN) 17412
942 ## - ADDED ENTRY ELEMENTS (KOHA)
Source of classification or shelving scheme Dewey Decimal Classification
Koha item type Open Shelf
Holdings
Withdrawn status Lost status Source of classification or shelving scheme Damaged status Not for loan Home library Current library Date acquired Source of acquisition Inventory number Total Checkouts Full call number Barcode Date last seen Price effective from Koha item type
    Other/Generic Classification Scheme     MUST Main Library MUST Main Library 18/06/2024   05/24663   515.64 JOS 1998 2024-20721 18/06/2024 18/06/2024 Open Shelf
    Dewey Decimal Classification     MUST Main Library MUST Main Library 18/06/2024   2005/24662   515.64 JOS 1998 2024-20727 18/06/2024 18/06/2024 Open Shelf
    Dewey Decimal Classification     MUST Main Library MUST Main Library 26/11/2024 Purchase 04/22923   515.64 JOS 1998 2024-22571 26/11/2024 26/11/2024 Book Bank
    Dewey Decimal Classification     MUST Main Library MUST Main Library 26/11/2024 Purchase 04/22924   515.64 JOS 1998 2024-22572 26/11/2024 26/11/2024 Book Bank